000 00829nam a22002417a 4500
003 UA-OsUOA
001 51394
007 ta
008 20140904b un ||||| |||| 00| 0 ukr d
100 _aТарасюк М.
090 _a811.161.2
_bТ19
942 _cBR
040 _aUA-OsUOA
_bukr
_cUA-OsUOA
_dUA-OsUOA
245 _aПроти націоналістичних фальсифікацій розвитку української мови
300 _a58 с.
955 _a1
041 _aukr
080 _a811.161.2
260 _aК.
_bНаукова думка
_c1973
650 7 _a8 Мовознавство. Художня література. Літературознавство
_2UDC
999 _c431521
_d431521